1862 1910 1570 1069 1570 1278 1181 1859 1588 1430 1310 1732 1264 1583 1461 1564 1749 1345 1776 1351 1780 1985 1862 1017 1956 1051 1123 1663 1925 1082 1392 1709 1120 1459 1470 1241 1439 1210 1068 1751 1675 1289 1586 1186 1198 1897 1915 1730 1660 1931 2000 1379 1396 1740 1817 1488 1292 1290 1730 1388 1745 1517 1890 1694 1436 1680 1795 1875 1648 1656 1103 1958 1923 1274 1725 1580 1947 1128 1344 1387 1446 1216 1125 1432 1704 1238 1232 1204 1444 1807 1140 1637 1483 1925 1588 1607 1377 1275 1913 BCNSPRNW ULIB Ver.6.0+V

เปลี่ยนเป็นภาษาไทย

Change to English
 แสดงรายละเอียดบรรณานุกรม
  กลับหน้าหลัก

Brief Record : Get Marc (ISO 2709) : E-mail record : QR code < ปิดหน้าต่าง
LEADER : 00000nam 2200000uu 4500
001    13399128322
003     ULIB
008    230607s||||||||th 000 0 tha d
020    ^a9786161112394
060  0 ^aWY159 พ239ก^cล.3
245    ^aการพยาบาลเด็ก เล่ม3 (ฉบับปรับปรุง)/บรรณาธิการโดย พรทิพย์ ศิริบูรณ์พิพัฒนา
250    ^aพิมพ์ครั้งที่ 5
260    ^aนนทบุรี :^bโครงการสวัสดิการวิชาการ สถาบันพระบรมราชชนก,^c2565
300    ^a448 หน้า;^b26 ซม.
650    ^aการพยาบาลเด็ก
700 0  ^aพรทิพย์ ศิริบูรณ์พิพัฒนา, บรรณาธิการ
700 0  ^aพิศมัย อุบลศรี
700 0  ^aยุพา ทิพย์อลงกต
700 0  ^aวิมลพรรณ สังข์สกุล
700 0  ^aวรรณฤดี เชาว์ศรีกุล
945    ^p270^l0^i29526
945    ^p270^l0^i29527
945    ^p270^l0^i29528
945    ^p270^l0^i29529
945    ^p270^l0^i29530
999    ^aกัณชพร จุลอักษร
รายการนี้ยังไม่มีแท็ก
คุณยังไม่ได้ล็อกอิน คุณสามารถมีกิจกรรมร่วมกับเว็บไซต์ได้ แต่ต้องล็อกอินก่อน ::
  ล็อกอิน

รายการสื่อสารสนเทศ

ลำดับที่ ประเภท เลขเรียก/บาร์โค้ด สถานที่ สถานะ
1. หนังสือสำรอง
หนังสือสำรอง
WY159 พ239ก ล.3 ฉ.1 
  Barcode: 29526
ห้องสมุดวิทยาเขตนครสวรรค์
►หนังสือทั่วไป:l:General Books
บนชั้น
2. วิทยาศาสตร์การแพทย์ และสุขภาพ
วิทยาศาสตร์การแพทย์ และสุขภาพ
WY159 พ239ก ล.3 ฉ.2 
  Barcode: 29527
ห้องสมุดวิทยาเขตนครสวรรค์
►หนังสือทั่วไป:l:General Books
บนชั้น
3. วิทยาศาสตร์การแพทย์ และสุขภาพ
วิทยาศาสตร์การแพทย์ และสุขภาพ
WY159 พ239ก ล.3 ฉ.3 
  Barcode: 29528
ห้องสมุดวิทยาเขตนครสวรรค์
►หนังสือทั่วไป:l:General Books
บนชั้น
4. วิทยาศาสตร์การแพทย์ และสุขภาพ
วิทยาศาสตร์การแพทย์ และสุขภาพ
WY159 พ239ก ล.3 ฉ.4 
  Barcode: 29529
ห้องสมุดวิทยาเขตนครสวรรค์
►หนังสือทั่วไป:l:General Books
บนชั้น
5. วิทยาศาสตร์การแพทย์ และสุขภาพ
วิทยาศาสตร์การแพทย์ และสุขภาพ
WY159 พ239ก ล.3 ฉ.5 
  Barcode: 29530
ห้องสมุดวิทยาเขตนครสวรรค์
►หนังสือทั่วไป:l:General Books
บนชั้น

รายการใกล้เคียง
    ชื่อเรื่อง [การพยาบาลเด็ก เล่ม3 (ฉบับปรับปรุง)/บรรณาธิการโดย พรทิพย์ ศิริบูรณ์พิพัฒนา]

    หัวเรื่อง [การพยาบาลเด็ก]

BibComment


ยังไม่เคยถูกคอมเมนท์

คอมเมนท์ทรัพยากรรายการนี้
  คอมเมนท์: การพยาบาลเด็ก เล..


 Copyright 2026. Bcnsprnw @Library